Loose Women On Celebrity Big Brother - Statistics

General Stats
  • This quiz has been taken 50 times
  • The average score is 5 of 9
Answer Stats
Active on Loose Women Series Loose Woman % Correct
2000 - 2001, 2004 - 2011, 2013 - 10 / 19 Coleen Nolan
90%
2005 - 2013, 2018 - 9 Denise Welch
80%
2015 - 18 Saira Khan
63%
2015 - 2018 15 Katie Price
60%
1999 - 2002, 2013 - 15 Nadia Sawalha
60%
2000 - 2001, 2003 - 2011, 2013 - 12 Carol McGiffin
58%
2003 - 2016 16 Sherrie Hewson
55%
2003 - 2004 8 Kerry Katona
38%
2014 11 Claire Richards
28%
No matching quizzes found
Score Distribution
Percent of People with Each Score
Percentile by Number Answered
Your Score History
You have not taken this quiz